[Event "Ferrol op 32th"]
[Site "Ferrol"]
[Date "2017.07.24"]
[Round "9"]
[White "Lopez Lopez, Juan Manuel"]
[Black "Gonzalez Escourido, Emilio"]
[Result "0-1"]
[WhiteElo "1488"]
[BlackElo "1763"]
[PlyCount "32"]
[EventDate "2017.07.16"]
[EventType "swiss"]
[EventRounds "9"]
[EventCountry "ESP"]
[SourceTitle "EXT 2024"]
[Source "ChessBase"]
[SourceDate "2023.10.10"]
[SourceVersion "1"]
[SourceVersionDate "2023.10.10"]
[SourceQuality "1"]

1. e4 c5 2. Nf3 d6 3. d4 cxd4 4. Nxd4 Nf6 5. Nc3 a6 6. h3 e5 7. Nf3 b5 8. Be3 Bb7 9. Bd3 Nbd7 10. b4 d5 11. exd5 Bxb4 12. Bd2 Bxc3 13. Bxc3 e4 14. Qe2 0-0 15. Bxe4 Nxe4 16. Qxe4 Re8 0-1

[Event "Ferrol op 32th"]
[Site "Ferrol"]
[Date "2017.07.23"]
[Round "8"]
[White "Castelo, Jose Luis"]
[Black "Lopez Lopez, Juan Manuel"]
[Result "1-0"]
[WhiteElo "1580"]
[BlackElo "1488"]
[PlyCount "73"]
[EventDate "2017.07.16"]
[EventType "swiss"]
[EventRounds "9"]
[EventCountry "ESP"]
[SourceTitle "EXT 2024"]
[Source "ChessBase"]
[SourceDate "2023.10.10"]
[SourceVersion "1"]
[SourceVersionDate "2023.10.10"]
[SourceQuality "1"]

1. c4 e5 2. d3 Nf6 3. Nf3 Nc6 4. g3 Bc5 5. Bg2 0-0 6. 0-0 Re8 7. Nc3 Nd4 8. Ng5 h6 9. Nge4 Nxe4 10. Nxe4 Be7 11. b3 d6 12. e3 Nc6 13. a3 Be6 14. b4 Qd7 15. b5 Nd8 16. Bb2 c6 17. a4 f5 18. Nc3 Bf6 19. e4 Nf7 20. exf5 Bxf5 21. Ne4 Bh3 22. Nxf6+ gxf6 23. Qh5 Bxg2 24. Kxg2 d5 25. Qg6+ Kf8 26. Qxf6 Re6 27. Ba3+ Kg8 28. Qf5 Rae8 29. h4 e4 30. dxe4 dxe4 31. Qg4+ Kh7 32. Qf5+ Kg8 33. Rad1 Qc7 34. Qg4+ Kh7 35. Bb2 Rg6 36. Qf5 Nd6 37. Rxd6 1-0

[Event "Ferrol op 32th"]
[Site "Ferrol"]
[Date "2017.07.20"]
[Round "5"]
[White "Lopez Lopez, Juan Manuel"]
[Black "Gonzalez Lopez, Manuel"]
[Result "0-1"]
[WhiteElo "1488"]
[BlackElo "1847"]
[PlyCount "64"]
[EventDate "2017.07.16"]
[EventType "swiss"]
[EventRounds "9"]
[EventCountry "ESP"]
[SourceTitle "EXT 2024"]
[Source "ChessBase"]
[SourceDate "2023.10.10"]
[SourceVersion "1"]
[SourceVersionDate "2023.10.10"]
[SourceQuality "1"]

1. e4 c5 2. Nf3 g6 3. d4 Bg7 4. c3 cxd4 5. cxd4 d5 6. e5 Bg4 7. h3 Bxf3 8. Qxf3 Nc6 9. Be3 Qb6 10. Qe2 e6 11. Qb5 Nge7 12. Qxb6 axb6 13. Nc3 Nf5 14. Nb5 0-0 15. a3 f6 16. Nc7 Nfxd4 17. Bd3 Rac8 18. exf6 Bxf6 19. Nb5 Nxb5 20. Bxb5 Bd4 21. Rb1 Bxe3 22. fxe3 Ne5 23. Rf1 Rc2 24. Rxf8+ Kxf8 25. Be2 Nc4 26. Bxc4 dxc4 27. Kf1 e5 28. g3 Ke7 29. h4 h5 30. b3 c3 31. Rd1 Rb2 32. b4 c2 0-1